En el principio creó Dios: consecuencias de la fe en la creación
Furkejuvvon:
| Váldodahkki: | |
|---|---|
| Materiálatiipa: | Girji |
| Giella: | espánnjágiella |
| Almmustuhtton: |
Valencia
Edicep
2001
|
| Preanttus: | 1a. ed |
| Ráidu: | Colección Pastoral, 49
|
| Fáttát: | |
| Fáddágilkorat: |
Lasit fáddágilkoriid
Eai fáddágilkorat, Lasit vuosttaš fáddágilkora!
|
MARC
| LEADER | 00000nam a2200000 a 4500 | ||
|---|---|---|---|
| 001 | UCK8145 | ||
| 003 | CL-VaPUC | ||
| 008 | 060120e20010000SP |||||||||||||||||spa|d | ||
| 020 | |a 847050634X | ||
| 082 | 0 | 4 | |a 230 |b RAT |2 21 |
| 100 | |a Ratzinger, Joseph, |c Papa |e autor |9 494399 | ||
| 245 | 1 | 0 | |a En el principio creó Dios: consecuencias de la fe en la creación |
| 250 | |a 1a. ed | ||
| 300 | |a 126 p | ||
| 942 | |c BK | ||
| 945 | |d 20060120 00:00:00 |a jtorresc | ||
| 260 | |a Valencia |b Edicep |c 2001 | ||
| 600 | 0 | |a Dios |9 314467 | |
| 600 | 0 | |a Jesús |9 313614 | |
| 650 | 0 | |a Cristianismo |9 257361 | |
| 650 | 0 | |a Fe |9 308036 | |
| 583 | |a last modification |c 20060120 00:00:00 |k Rodrigo Vera | ||
| 490 | 0 | |a Colección Pastoral, 49 | |
| 999 | |c 315926 |d 315924 | ||
| 952 | |0 0 |1 0 |4 0 |6 230_000000000000000_RAT_2001 |7 0 |8 A |9 389795 |a BIBTEO |b BIBTEO |d 2019-11-22 |i 4200780 |o 230 RAT 2001 |p 4200780 |r 2025-01-17 |w 2019-11-22 |y BK |k ICR | ||